| 000 | 00734nam a2200253Ia 4500 | ||
|---|---|---|---|
| 003 | OSt | ||
| 005 | 20220928112705.0 | ||
| 006 | a|||||r|||| 00| 0 | ||
| 007 | ta | ||
| 008 | 220927b |||||||| |||| 00| 0 hin d | ||
| 020 | _cINR 1495.00 | ||
| 024 | _a140395 | ||
| 037 |
_b037, 16/02/2019, Rupa Prkashan _cTextual |
||
| 040 |
_aSDCL _cSDCL _bhin |
||
| 041 |
_2hin _ahin |
||
| 082 | _aY:1.2'P, Q9 | ||
| 100 |
_aMeena Haricharan _9429279 |
||
| 245 | 0 | _aBhartiya samajik sansthaye evam karyepranali | |
| 260 |
_aJaipur _bS.S Book _c2019 |
||
| 300 |
_av,232p. _ccm. |
||
| 650 |
_aHindi _9391598 |
||
| 942 |
_hY:1.2'P, Q9 _cTEXL _2CC |
||
| 999 |
_c745778 _d745778 |
||